000 00462nam a22001817a 4500
003 OSt
005 20140310182346.0
008 130927t xxu||||| |||| 00| 0 eng d
020 _a9831871790
050 _aQA 43
_b.An613 2004
082 _aGS 507.6
_bAn7 2004
245 _aBeginning science workbook
_cSahron Ann
260 _aMalaysia
_bRhythm Publishing
_c2004
300 _a192 p.
_c25 cm.
541 _j1
562 _e1
942 _2lcc
_cBK-GS
_kGS
999 _c12247
_d12247